000 01157 a2200229 4500
001 41136
005 20260407155705.0
008 260407a1993 arg spa d
003 AR-UNSa-BCEJYS
040 _aAR-UNSa-BCEJYS
_bspa
_cAR-UNSa-BCEJYS
080 _a347.918
_xProcedimiento arbitral. Arbitraje. Tribunales de arbitraje civil
245 1 0 _aArbitraje
_psu eficacia como sistema alternativo de resolución de conflictos
020 _a950-9606-56-1
264 1 _aBuenos Aires :
_bAD-HOC
_c1993
300 _a410 p.
_c22 cm.
505 _a1. La jurisdicción y la crisis de la justicia - 2. Introducción al estudio del arbitraje - 3. Clases de arbitraje - 4. Naturaleza jurídica del arbitraje - 5. El acuerdo arbitral - 6. La autonomía del acuerdo arbitral - 7. Los árbitros - 8. El procedimiento arbitral 9. El laudo arbitral - 10. Revisión e impugnación de los laudos - 11. El arbitraje en el comercio de granos
041 _aspa
942 _cBK
590 _aniveau_biblio:m niveau_hierar:0
100 1 _aCaivano, Roque J.
856 4 1 _uhttps://biblioeco.unsa.edu.ar/pmb/images/libros/arbitraje_Caivano.jpg
_yImagen de portada
_qimage/jpeg
999 _c3389
_d3389